000 01032cam a2200145 4500500
005 20260329023234.0
041 _afre
042 _adc
100 1 0 _aFeldmann, Gérard
_eauthor
700 1 0 _aFeldmann, Gérard
_eauthor
245 0 0 _aLa bioéthique
260 _bArmand Colin,
_c2010.
520 _aProcréation médicalement assistée, « mères porteuses », diagnostics anténataux, recherche sur les cellules souches embryonnaires, euthanasie… la bioéthique interroge d’abord les frontières de la vie : la naissance et la mort. Les principes qu’elle met en jeu sont essentiels et leur champ d’application doit tenir compte de l’évolution des pratiques des médecins et chercheurs, mais aussi des mentalités. L’ouvrage explique pourquoi ces principes doivent être régulièrement actualisés et permettre un progrès scientifique et médical respectueux de la dignité de la personne humaine. 
856 4 1 _uhttps://shs.cairn.info/la-bioethique--9782200249823?lang=fr&redirect-ssocas=7080
999 _c1925714
_d1925714